• 首页
  • 本馆介绍
  • 公告通知
  • 最新文献
  • 馆藏检索
  • 电子资源
  • 读者导购
  • 参考咨询
  • 我的图书馆
  • 登录
  • 详细信息显示
  • 放入我的书架
  • 预约/预借图书
  • 作者相关作品
  • 分类相关作品
  • 丛书相关作品
  • 出版社相关作品

书目信息

  • 表格格式
  • 工作单格式
  • 卡片格式
题名:
废弃电器电子产品实用处理技术
    
 
作者: 凌江 主编
分册:  
出版信息: 北京   企业管理出版社  2017.11
页数: 200页
开本: 24cm
丛书名:
单 册:
中图分类: X76
科图分类:
主题词: 日用电气器具--ri yong dian qi qi ju--废弃物--废物处理--研究--中国 , 电子产品--dian zi chan pin--废弃物--废物处理--研究--中国
电子资源:
ISBN: 978-7-5164-1620-4
000 01246nam0 2200253 450
001 0106081735
005 20201106082042.0
010    @a978-7-5164-1620-4@dCNY78.00
100    @a20181129e20202017em y0chiy50 ea
101 0  @achi
102    @aCN@b110000
105    @aa z 000yy
106    @ar
200 1  @a废弃电器电子产品实用处理技术@Afei qi dian qi dian zi chan pin shi yong chu li ji shu@dPractical treatment technologies for waste electrical and electronic equipment@f凌江主编@zeng
210    @a北京@c企业管理出版社@d2017.11@h2020.07
215    @a200页@c图@d24cm
330    @a本书第一部分是实用拆解篇,对现有的四机一脑的结构,拆解工艺通过图文并茂的方式进行总结;第二部分是资源综合利用指导篇,对四机一脑拆解得到的重点拆解产物进行相关处理的处理技术汇总,作为企业深加工处理的参考资料;第三部分是环境管理篇,对正常生产活动过程中的储存管理、危废管理等污染防治措施。
510 1  @aPractical treatment technologies for waste electrical and electronic equipment@zeng
606 0  @a日用电气器具@Ari yong dian qi qi ju@x废弃物@x废物处理@x研究@y中国
606 0  @a电子产品@Adian zi chan pin@x废弃物@x废物处理@x研究@y中国
690    @aX76@v5
701  0 @a凌江@Aling jiang@4主编
801  0 @aCN@bBJSZM@c20201106
905    @b1190296-9@dX76@e324@f4
    
    废弃电器电子产品实用处理技术=Practical treatment technologies for waste electrical and electronic equipment/凌江主编.-北京:企业管理出版社,2017.11(2020.07)
    200页:图;24cm
    
    
    ISBN 978-7-5164-1620-4:CNY78.00
    本书第一部分是实用拆解篇,对现有的四机一脑的结构,拆解工艺通过图文并茂的方式进行总结;第二部分是资源综合利用指导篇,对四机一脑拆解得到的重点拆解产物进行相关处理的处理技术汇总,作为企业深加工处理的参考资料;第三部分是环境管理篇,对正常生产活动过程中的储存管理、危废管理等污染防治措施。
●
相关链接 在E读中查询图书 在五车中查询图书 在当当中查询图书 在豆瓣中查询图书


正题名:废弃电器电子产品实用处理技术     索取号:X76/324         预约/预借

序号 登录号 条形码 馆藏地/架位号 状态 备注
1 1190296   211902967   第二样本阅览室/ [索取号:X76/324] 在馆    
2 1190297   211902976   第三借阅区/ [索取号:X76/324] 在馆    
3 1190298   211902985   第三借阅区/ [索取号:X76/324] 在馆    
4 1190299   211902994   第三借阅区/ [索取号:X76/324] 在馆    
唐山师范学院图书馆 欢迎您!
大连网信软件有限公司© 版权所有